LIBRARY ONLINE CATALOGUE

Between one faith and another : (Record no. 21758)

MARC details
000 -LEADER
fixed length control field 01561cam a2200373 i 4500
001 - CONTROL NUMBER
control field 19609950
003 - CONTROL NUMBER IDENTIFIER
control field OSt
005 - DATE AND TIME OF LATEST TRANSACTION
control field 20260702120544.0
008 - FIXED-LENGTH DATA ELEMENTS--GENERAL INFORMATION
fixed length control field 170425s2017 ilu 000 0 eng
010 ## - LIBRARY OF CONGRESS CONTROL NUMBER
LC control number 2017019243
020 ## - INTERNATIONAL STANDARD BOOK NUMBER
International Standard Book Number 9780830845101
Qualifying information print : alk. paper
035 ## - SYSTEM CONTROL NUMBER
System control number 19609950
040 ## - CATALOGING SOURCE
Original cataloging agency DLC
Language of cataloging eng
Transcribing agency DLC
Description conventions rda
Modifying agency DLC
042 ## - AUTHENTICATION CODE
Authentication code pcc
050 00 - LIBRARY OF CONGRESS CALL NUMBER
Classification number BL41
Item number .K75 2017
082 00 - DEWEY DECIMAL CLASSIFICATION NUMBER
Classification number 200
Edition number 23
100 1# - MAIN ENTRY--PERSONAL NAME
Personal name Kreeft, Peter,
Relator term author.
245 10 - TITLE STATEMENT
Title Between one faith and another :
Remainder of title engaging conversations on the world's great religions /
Statement of responsibility, etc. Peter Kreeft.
264 #1 - PRODUCTION, PUBLICATION, DISTRIBUTION, MANUFACTURE, AND COPYRIGHT NOTICE
Place of production, publication, distribution, manufacture Downers Grove, Illinois :
Name of producer, publisher, distributor, manufacturer IVP Books, an imprint of InterVarsity Press,
Date of production, publication, distribution, manufacture, or copyright notice [2017]
300 ## - PHYSICAL DESCRIPTION
Extent 213 pages ;
Dimensions 21 cm
336 ## - CONTENT TYPE
Content type term text
Content type code txt
Source rdacontent
337 ## - MEDIA TYPE
Media type term unmediated
Media type code n
Source rdamedia
338 ## - CARRIER TYPE
Carrier type term volume
Carrier type code nc
Source rdacarrier
583 ## - ACTION NOTE
Action Cataloguing:
Time/date of action 20260702
Action agent gtanuigtanui
650 #0 - SUBJECT ADDED ENTRY--TOPICAL TERM
Topical term or geographic name as entry element Religions
Form subdivision Miscellanea.
650 #0 - SUBJECT ADDED ENTRY--TOPICAL TERM
Topical term or geographic name as entry element Religion
Form subdivision Miscellanea.
650 #0 - SUBJECT ADDED ENTRY--TOPICAL TERM
Topical term or geographic name as entry element Imaginary conversations.
655 #7 - INDEX TERM--GENRE/FORM
Genre/form data or focus term Trivia and miscellanea.
Source of term lcgft
Authority record control number https://id.loc.gov/authorities/genreForms/gf2014026201
776 08 - ADDITIONAL PHYSICAL FORM ENTRY
Relationship information Online version:
Main entry heading Kreeft, Peter, author.
Title Between one faith and another
Place, publisher, and date of publication Downers Grove : InterVarsity Press, 2017
International Standard Book Number 9780830890842
Record control number (DLC) 2017022341
906 ## - LOCAL DATA ELEMENT F, LDF (RLIN)
a 7
b cbc
c orignew
d 1
e ecip
f 20
g y-gencatlg
942 ## - ADDED ENTRY ELEMENTS (KOHA)
Source of classification or shelving scheme Library of Congress Classification
Koha item type General Collection
Holdings
Withdrawn status Lost status Source of classification or shelving scheme Not for loan Home library Current library Shelving location Date acquired Source of acquisition Inventory number Total Checkouts Full call number Barcode Date last seen Copy number Price effective from Koha item type
    Library of Congress Classification   Kabarak, Main Campus Kabarak, Main Campus General Stacks 02/07/2026 Donation 2026/3949   BL41 .K75 2017 C.1 37972 02/07/2026 C.1 02/07/2026 General Collection
    Library of Congress Classification   Kabarak, Main Campus Kabarak, Main Campus General Stacks 02/07/2026 Donation 2026/3948   BL41 .K75 2017 C.2 37971 02/07/2026 C.2 02/07/2026 General Collection